000 00463nam a22001817a 4500
005 20180206151425.0
008 160428b xxu||||| |||| 00| 0 eng d
020 _a0-07-463272-8
041 _aeng
082 _b00624
_a005.43
100 _aMilenKovic, Milan
_94106
245 _aOperating System :Concepts & Design
250 _a2nd ed.
260 _aNew Delhi
_bTMH Publ.co.Ltd.
_c2001
300 _a755
650 _aInformation Technology
_9137
942 _cBK
999 _c178
_d178